000 00857cam a22002653a 4500
001 16644
003 PGUSA
005 20140828083344.0
008 050904s2005||||xxu|||||s|||||000 1 eng d
040 _aPGUSA
_beng
042 _adc
050 4 _aPZ
100 1 _aPerkins, Lucy Fitch,
_d1865-1937
245 1 4 _aThe Puritan Twins
_h[electronic resource] /
_cLucy Fitch Perkins
260 _bProject Gutenberg,
_c2005
506 _aPublic domain in the USA.
516 _aElectronic text
653 _aFrontier and pioneer life -- Massachusetts -- Juvenile fiction
653 _aMassachusetts -- History -- Colonial period, ca. 1600-1775 -- Juvenile fiction
653 _aPuritans -- Juvenile fiction
653 _aTwins -- Juvenile fiction
830 0 _aProject Gutenberg
_v16644
856 4 0 _uhttp://www.gutenberg.org/ebooks/16644
942 _cEB
999 _c245899
_d245899